000
00215 a2200109 4500
020
_a
9781336045024
041
_a
spa
100
_a
McCourt, Lisa
245
_a
Buenas Noches Carita Sucia
942
_c
BK
952
_7
1
999
_c
22090
_d
22090